| 000 | 00769 a2200217 4500 | ||
|---|---|---|---|
| 999 |
_c1879 _d1879 |
||
| 020 | _a9780073378879 | ||
| 050 | 0 | 0 | _aHM 1221 LAH 2009 |
| 100 |
_aLattimore, Dan _eauthor |
||
| 245 | 0 | 0 |
_aPublic relations : _bthe profession and the practice / _cDan Lattimore ... [et al.] |
| 250 | _a3rd ed. | ||
| 264 |
_aNew york: _bMcGraw-Hill, _c2009 |
||
| 300 |
_axxiv, 393p. _bill . (col.) |
||
| 500 | _aincludes index | ||
| 504 | _aIncludes bibliographical references | ||
| 650 | 0 | _aPublic relations. | |
| 700 | 1 |
_aOtis Baskin _eauthor |
|
| 700 | 1 |
_aSuzetteT. Heiman _eauthor |
|
| 700 | 1 |
_aElizabeth L.Toth _eauthor |
|
| 942 |
_2lcc _cBK _e3rd ed. _h1221 _iLAH _kHM |
||